Normal view
MARC view
- مدارس الحضانة-التعليم الأساسي-الأطفال-طرق التعليم
Entry Topical Term
001 - CONTROL NUMBER
- control field: 50039
003 - CONTROL NUMBER IDENTIFIER
- control field: JO-AjAnu
005 - DATE AND TIME OF LATEST TRANSACTION
- control field: 20230606082236.0
008 - FIXED-LENGTH DATA ELEMENTS
- fixed length control field: 230606|| aca||aabn | a|a d
040 ## - CATALOGING SOURCE
- Original cataloging agency: JO-AjAnu
- Transcribing agency: JO-AjAnu
150 ## - HEADING--TOPICAL TERM
- Topical term or geographic name entry element: مدارس الحضانة-التعليم الأساسي-الأطفال-طرق التعليم
670 ## - SOURCE DATA FOUND
- Source citation: Work cat.: (JO-AjAnu)25584: جرادات، محمد سليمان, author 50038, رياض الأطفال ودورها في تنشئة الطفل،الواقع والمسؤولية